Runningback prospects of the 2025 NFL Draft - Statistics

General Stats
  • This quiz has been taken 28 times
    12 since last reset
  • The average score is 16 of 28
Answer Stats
Position College Name % Correct
RB Boise St. Ashton Jeanty
100%
RB North Carolina Omarion Hampton
100%
RB Ohio St. Quinshon Judkins
89%
RB Ohio St. TreVeyon Henderson
89%
RB Tennessee Dylan Sampson
78%
RB Iowa Kaleb Johnson
78%
RB Virginia Tech Bhayshul Tuten
67%
RB SMU Brashard Smith
67%
RB Arizona St. Cam Skattebo
67%
RB Miami (FL) Damien Martinez
67%
RB Kansas Devin Neal
56%
RB Michigan Donovan Edwards
56%
RB Texas Jaydon Blue
56%
RB Oregon Jordan James
56%
RB Oklahoma St. Ollie Gordon II.
56%
RB Georgia Trevor Etienne
56%
RB Kansas St. DJ Giddens
44%
RB Arizona Jacory Croskey-Merritt
44%
RB Auburn Jarquez Hunter
44%
RB Michigan Kalel Mullings
44%
RB Rutgers Kyle Monangai
44%
RB Syracuse LeQuint Allen
44%
RB South Carolina Raheim Sanders
44%
RB UCF RJ Harvey
44%
RB Texas Tech Tahj Brooks
44%
RB USC Woody Marks
44%
RB UC Davis Len Larison
22%
RB Delaware Marcus Yarns
22%
No matching quizzes found
Score Distribution
Percent of People with Each Score
Percentile by Number Answered
Your Score History
You have not taken this quiz since the last reset